=LDR 00000nam 2200000 4500 =001 INLIS000000000020798 =005 20130612115724 =008 ***********************************Ind** =035 ##$$0010-061300000020798 =041 ##$$a Ind =082 ##$$a 625.983 =090 ##$$a 625.983, Rah b =100 ##$$a Rahardi, F =245 ##$$a Bercocok tanam dalam pot, F. Rahardi =260 ##$$a 1996 $b Jakarta =300 ##$$a viii, 95 hlm, ilus, 21 cm =650 ##$$a Tanaman pot =850 ##$$a NBPNMAT